00273nam a2200109Ia 4500008004100000100002900041245001600070260004300086650001000129942000700139999001700146190216s9999||||xx |||||||||||||| ||und|| aLalithambika Antherjanam 0aAgni Sakshi bSahithya Pravarthaka Sahakarana Sangam aNovel cBK c25906d25906